| 000 | 00620nam a22002057a 4500 | ||
|---|---|---|---|
| 999 |
_c3098 _d3098 |
||
| 003 | AR-CdUCM | ||
| 008 | 190305b ||||| |||| 00| 0 spa d | ||
| 040 |
_aMUNICIPALIDAD PROVINCIAL DEL CUSCO _cBIBLIOTECA MUNICIPAL DEL CUSCO |
||
| 082 |
_a828.81 / _bB24 |
||
| 100 |
_aBrontë, Charlotte _910482 |
||
| 245 | _aJane Eyre / | ||
| 260 |
_aMéxico : _bEditorial nacional, |
||
| 300 |
_a321 paginas ; _c17 cm. |
||
| 505 | _aContenido :Novela. | ||
| 650 |
_aNovelas francesas _9571 |
||
| 650 |
_aNovelas latinoamericanas _910483 |
||
| 700 |
_aTerrero Leopoldo (traductor) _910484 |
||
| 942 |
_2ddc _cLIBROS |
||
| 945 | _arum | ||